000 00321nam a22001337a 4500
082 _a823
_bJAI/L
100 _aJAIN, KULDEEP
245 _aLITTLE RED RIDING HOOD
246 _aLITTLE RED RIDING HOOD
_bLITTLE RED RIDING HOOD
260 _aNEW DELHI
_bPEGASUS
_c2025
300 _a16
650 _aENGLISH STORY
942 _cBK
999 _c9157
_d9157